| 000 | 00644cam a2200181 a 4500 | ||
|---|---|---|---|
| 001 | 000025537 | ||
| 005 | 20200930023848.0 | ||
| 008 | 901219s1986 sp r 000 | spa d | ||
| 040 |
_aDO-SdBNP _bspa _cBNPHU |
||
| 082 |
_axxxx _bR261j |
||
| 100 | 1 |
_aRawls, John _945972 |
|
| 245 | 1 | 0 |
_aJusticia como equidad : _bmateriales para una teoría de la justicia / _cJohn Rawls ; traducción Miguel Angel Rodilla. |
| 260 |
_aMadrid : _bTecnos, _c1986. |
||
| 300 |
_a217 p. ; _c24 cm. |
||
| 500 | _aBibliografía : p. 214-217 | ||
| 500 | _aIncluye referencias bibliográficas y notas al pie de las páginas | ||
| 700 | 1 |
_aRodilla, Miguel Angel, _etr. _952195 |
|
| 999 |
_c25029 _d25029 |
||